[Event "DVM U12 2022"]
[Site "München GER"]
[Date "2022.12.28"]
[Round "4"]
[White "Aweh, Mads"]
[Black "Uyar, Levin"]
[Result "1/2-1/2"]
[Termination "normal"]
[Board "5.1"]
[WhiteElo "1477"]
[BlackElo "1573"]
[WhiteClock "00:39:02"]
[BlackClock "00:05:38"]
[WhiteTeam "SSV Vimaria 91 Weimar"]
[BlackTeam "SC Untergrombach 46"]
[PlyCount "47"]
[WhiteFideId "34604278"]
[BlackFideId "16282108"]
[EventCountry "GER"]
[EventRounds "7"]
[EventType "team-swiss"]
[EventDate "2022.12.26"]

1. e4 {[%clk 01:30:16]} {[%emt 00:00:44]} e5 {[%clk 01:30:53]} {[%emt
00:00:07]} 2. Nf3 {[%clk 01:30:22]} {[%emt 00:00:25]} Nc6 {[%clk 01:31:13]}
{[%emt 00:00:10]} 3. Bc4 {[%clk 01:30:18]} {[%emt 00:00:34]} Nf6 {[%clk
01:31:19]} {[%emt 00:00:24]} 4. d3 {[%clk 01:29:53]} {[%emt 00:00:55]} Bc5
{[%clk 01:31:31]} {[%emt 00:00:18]} 5. c3 {[%clk 01:29:46]} {[%emt 00:00:37]}
a6 {[%clk 01:30:08]} {[%emt 00:01:53]} 6. b4 {[%clk 01:29:38]} {[%emt
00:00:38]} Ba7 {[%clk 01:30:09]} {[%emt 00:00:28]} 7. O-O {[%clk 01:28:02]}
{[%emt 00:02:07]} d6 {[%clk 01:28:00]} {[%emt 00:02:38]} 8. a4 {[%clk
01:26:25]} {[%emt 00:02:07]} O-O {[%clk 01:25:13]} {[%emt 00:03:18]} 9. Bg5
{[%clk 01:24:00]} {[%emt 00:02:55]} Be6 {[%clk 01:18:47]} {[%emt 00:06:55]} 10.
Nbd2 {[%clk 01:22:12]} {[%emt 00:02:19]} h6 {[%clk 01:12:24]} {[%emt 00:06:53]}
11. Bh4 {[%clk 01:20:17]} {[%emt 00:02:26]} g5 {[%clk 00:53:49]} {[%emt
00:52:09]} 12. Bg3 {[%clk 01:19:51]} Ne7 {[%clk 00:48:37]} 13. Qc2 {[%clk
01:17:01]} c6 {[%clk 00:41:41]} 14. Bb3 {[%clk 01:11:01]} Ng6 {[%clk 00:38:59]}
15. Rad1 Re8 {[%clk 00:34:38]} {[%emt 00:04:26]} 16. Rfe1 {[%clk 01:03:12]}
{[%emt 00:03:14]} Nh5 {[%clk 00:25:30]} {[%emt 00:09:38]} 17. Kf1 {[%clk
00:51:48]} {[%emt 00:11:55]} Qd7 {[%clk 00:20:44]} {[%emt 00:05:15]} 18. Bxe6
{[%clk 00:50:36]} {[%emt 00:01:43]} Rxe6 {[%clk 00:19:52]} {[%emt 00:01:21]}
19. Nc4 {[%clk 00:48:59]} {[%emt 00:02:08]} Ngf4 {[%clk 00:15:48]} {[%emt
00:04:34]} 20. Ne3 {[%clk 00:47:24]} {[%emt 00:02:04]} Rae8 {[%clk 00:13:04]}
{[%emt 00:03:13]} 21. a5 {[%clk 00:41:55]} {[%emt 00:06:00]} Rf6 {[%clk
00:05:42]} {[%emt 00:07:51]} 22. Ng1 {[%clk 00:38:37]} {[%emt 00:03:48]} Nxg3
{[%clk 00:05:34]} {[%emt 00:00:39]} 23. hxg3 {[%clk 00:39:02]} {[%emt
00:00:06]} Nh5 {[%clk 00:05:38]} {[%emt 00:00:25]} 24. Nf5 {[%emt 00:09:09]}
1/2-1/2

[Event "DVM U12 2022"]
[Site "München GER"]
[Date "2022.12.28"]
[Round "4"]
[White "Jung, Niklas"]
[Black "Bock, Leonas"]
[Result "1-0"]
[Termination "normal"]
[Board "5.2"]
[WhiteElo "1426"]
[BlackElo "1284"]
[WhiteClock "00:13:19"]
[BlackClock "00:28:01"]
[WhiteTeam "SC Untergrombach 46"]
[BlackTeam "SSV Vimaria 91 Weimar"]
[PlyCount "103"]
[WhiteFideId "16280601"]
[BlackFideId "16287118"]
[EventCountry "GER"]
[EventRounds "7"]
[EventType "team-swiss"]
[EventDate "2022.12.26"]

1. e4 {[%clk 01:30:57]} {[%emt 00:00:03]} c5 {[%clk 01:30:48]} {[%emt
00:00:13]} 2. Nf3 {[%clk 01:31:19]} {[%emt 00:00:08]} Nc6 {[%clk 01:31:11]}
{[%emt 00:00:07]} 3. d4 {[%clk 01:31:46]} {[%emt 00:00:03]} cxd4 {[%clk
01:31:28]} {[%emt 00:00:12]} 4. Nxd4 {[%clk 01:32:06]} {[%emt 00:00:11]} Nf6
{[%clk 01:31:51]} {[%emt 00:00:07]} 5. Nc3 {[%clk 01:31:37]} {[%emt 00:00:59]}
e5 {[%clk 01:32:11]} {[%emt 00:00:09]} 6. Ndb5 {[%clk 01:29:25]} {[%emt
00:02:43]} d6 {[%clk 01:32:29]} {[%emt 00:00:12]} 7. Bg5 {[%clk 01:29:32]}
{[%emt 00:00:22]} a6 {[%clk 01:31:15]} {[%emt 00:01:45]} 8. Na3 {[%clk
01:29:10]} {[%emt 00:00:52]} Be7 {[%clk 01:30:32]} {[%emt 00:01:12]} 9. Nc4
{[%clk 01:26:25]} {[%emt 00:03:11]} b5 {[%clk 01:25:41]} {[%emt 00:05:26]} 10.
Ne3 {[%clk 01:25:46]} {[%emt 00:01:06]} O-O {[%clk 01:24:57]} {[%emt 00:01:17]}
11. Bxf6 {[%clk 01:25:33]} {[%emt 00:00:43]} Bxf6 {[%clk 01:24:23]} {[%emt
00:01:04]} 12. Ncd5 {[%clk 01:25:24]} {[%emt 00:00:39]} Bg5 {[%clk 01:14:52]}
{[%emt 00:10:00]} 13. Bd3 {[%clk 01:22:02]} {[%emt 00:03:52]} Be6 {[%clk
01:10:59]} {[%emt 00:04:23]} 14. O-O {[%clk 01:20:51]} {[%emt 00:01:41]} Rc8
{[%clk 01:08:14]} {[%emt 00:48:21]} 15. a4 {[%clk 01:13:31]} bxa4 {[%clk
01:00:53]} 16. c3 {[%clk 01:11:19]} a5 {[%clk 00:58:35]} 17. Qxa4 {[%clk
01:05:39]} f6 {[%clk 00:46:40]} 18. Ba6 {[%clk 00:58:58]} {[%emt 00:01:51]} Rc7
{[%clk 00:46:19]} {[%emt 00:00:51]} 19. Nxc7 {[%clk 00:58:26]} {[%emt
00:01:02]} Qxc7 {[%clk 00:46:38]} {[%emt 00:00:12]} 20. Nd5 {[%clk 00:57:45]}
{[%emt 00:01:11]} Bxd5 {[%clk 00:45:00]} {[%emt 00:02:08]} 21. exd5 {[%clk
00:58:02]} {[%emt 00:00:12]} Ne7 {[%clk 00:44:25]} {[%emt 00:01:05]} 22. Qxa5
{[%clk 00:57:44]} {[%emt 00:00:48]} Qd7 {[%clk 00:37:26]} {[%emt 00:07:30]} 23.
Bc4 {[%clk 00:53:14]} {[%emt 00:05:00]} Qg4 {[%clk 00:32:06]} {[%emt 00:05:50]}
24. Qc7 {[%clk 00:49:33]} {[%emt 00:04:10]} Nf5 {[%clk 00:31:32]} {[%emt
00:01:06]} 25. h3 {[%clk 00:44:30]} {[%emt 00:05:32]} Qe4 {[%clk 00:29:34]}
{[%emt 00:02:25]} 26. Rfe1 {[%clk 00:40:34]} {[%emt 00:04:28]} Qf4 {[%clk
00:28:28]} {[%emt 00:01:37]} 27. Ra7 {[%clk 00:37:25]} {[%emt 00:03:38]} Bh4
{[%clk 00:27:29]} {[%emt 00:01:30]} 28. Rf1 {[%clk 00:37:08]} {[%emt 00:00:46]}
Qd2 {[%clk 00:18:24]} {[%emt 00:09:36]} 29. Qd7 {[%clk 00:33:24]} {[%emt
00:04:11]} Qg5 {[%clk 00:17:21]} {[%emt 00:01:35]} 30. Bd3 {[%clk 00:33:20]}
{[%emt 00:00:34]} Nh6 {[%clk 00:16:56]} {[%emt 00:00:55]} 31. b4 {[%clk
00:32:44]} {[%emt 00:01:06]} f5 {[%clk 00:15:42]} {[%emt 00:01:44]} 32. Rfa1
{[%clk 00:27:09]} {[%emt 00:05:53]} Nf7 {[%clk 00:14:24]} {[%emt 00:01:59]} 33.
b5 {[%clk 00:23:43]} {[%emt 00:03:57]} Qf4 {[%clk 00:12:37]} {[%emt 00:02:17]}
34. Rf1 {[%clk 00:22:24]} {[%emt 00:01:48]} e4 {[%clk 00:11:58]} {[%emt
00:01:08]} 35. Be2 {[%clk 00:21:25]} {[%emt 00:01:30]} Qd2 {[%clk 00:10:26]}
{[%emt 00:02:01]} 36. b6 {[%clk 00:19:06]} {[%emt 00:02:51]} Qxe2 {[%clk
00:09:20]} {[%emt 00:01:36]} 37. b7 {[%clk 00:19:03]} {[%emt 00:00:33]} e3
{[%clk 00:08:31]} {[%emt 00:01:19]} 38. Qxf7 {[%clk 00:16:23]} {[%emt
00:03:09]} Kxf7 {[%clk 00:08:22]} {[%emt 00:00:39]} 39. b8=Q {[%clk 00:16:44]}
{[%emt 00:00:09]} Kg8 {[%clk 00:08:20]} {[%emt 00:00:33]} 40. Qb1 {[%clk
00:15:16]} {[%emt 00:01:51]} exf2 {[%clk 00:07:46]} {[%emt 00:01:10]} 41. Kh1
{[%clk 00:15:30]} {[%emt 00:00:15]} Qe1 {[%clk 00:06:36]} {[%emt 00:01:42]} 42.
Qd3 {[%clk 00:12:10]} {[%emt 00:03:48]} Re8 {[%clk 00:05:21]} {[%emt 00:01:47]}
43. Ra1 {[%clk 00:12:03]} {[%emt 00:00:36]} Re3 {[%clk 00:04:14]} {[%emt
00:01:37]} 44. Ra8 {[%clk 00:04:09]} {[%emt 00:08:24]} Kf7 {[%clk 00:01:43]}
{[%emt 00:03:02]} 45. Qxf5 {[%clk 00:04:08]} {[%emt 00:00:31]} Bf6 {[%clk
00:02:03]} {[%emt 00:00:09]} 46. Qh5 {[%clk 00:25:13]} {[%emt 00:09:53]} g6
{[%clk 00:31:35]} {[%emt 00:01:31]} 47. Qxh7 {[%clk 00:24:30]} {[%emt
00:01:12]} Bg7 {[%clk 00:32:00]} {[%emt 00:00:06]} 48. Ra7 {[%clk 00:24:41]}
{[%emt 00:00:19]} Kf6 {[%clk 00:29:31]} {[%emt 00:02:59]} 49. Qxg7 {[%clk
00:15:47]} {[%emt 00:09:23]} Kg5 {[%clk 00:29:33]} {[%emt 00:00:28]} 50. h4
{[%clk 00:16:03]} {[%emt 00:00:14]} Kf5 {[%clk 00:27:43]} {[%emt 00:02:15]} 51.
Rf7 {[%clk 00:13:29]} {[%emt 00:03:04]} Ke4 {[%clk 00:28:01]} {[%emt 00:00:17]}
52. Qd4# {[%clk 00:13:19]} {[%emt 00:00:35]} 1-0

[Event "DVM U12 2022"]
[Site "München GER"]
[Date "2022.12.28"]
[Round "4"]
[White "Kalinin, Alexej"]
[Black "Wettstein, Levin"]
[Result "1-0"]
[Termination "normal"]
[Board "5.3"]
[WhiteElo "1330"]
[BlackElo "1193"]
[WhiteClock "01:01:18"]
[BlackClock "00:46:31"]
[WhiteTeam "SSV Vimaria 91 Weimar"]
[BlackTeam "SC Untergrombach 46"]
[PlyCount "103"]
[WhiteFideId "34617167"]
[BlackFideId "34635866"]
[EventCountry "GER"]
[EventRounds "7"]
[EventType "team-swiss"]
[EventDate "2022.12.26"]

1. d4 {[%clk 01:30:57]} {[%emt 00:00:02]} Nf6 {[%clk 01:30:53]} {[%emt
00:00:08]} 2. e3 {[%clk 01:31:02]} {[%emt 00:00:25]} d5 {[%clk 01:30:36]}
{[%emt 00:00:47]} 3. Nf3 {[%clk 01:31:11]} {[%emt 00:00:21]} e6 {[%clk
01:29:56]} {[%emt 00:01:10]} 4. Bd3 {[%clk 01:31:03]} {[%emt 00:00:37]} c5
{[%clk 01:29:41]} {[%emt 00:00:46]} 5. b3 {[%clk 01:31:08]} {[%emt 00:00:24]}
cxd4 {[%clk 01:29:19]} {[%emt 00:00:53]} 6. exd4 {[%clk 01:31:15]} {[%emt
00:00:23]} Bd6 {[%clk 01:28:53]} {[%emt 00:00:56]} 7. O-O {[%clk 01:30:55]}
{[%emt 00:00:50]} O-O {[%clk 01:28:27]} {[%emt 00:00:56]} 8. Bb2 {[%clk
01:30:04]} {[%emt 00:01:20]} h6 {[%clk 01:26:15]} {[%emt 00:02:43]} 9. Nbd2
{[%clk 01:29:19]} {[%emt 00:01:15]} b6 {[%clk 01:23:09]} {[%emt 00:03:36]} 10.
Ne5 {[%clk 01:28:35]} {[%emt 00:01:14]} Bb7 {[%clk 01:21:49]} {[%emt 00:01:50]}
11. Ndf3 {[%clk 01:28:08]} {[%emt 00:00:57]} Nc6 {[%clk 01:21:19]} {[%emt
00:01:00]} 12. a3 {[%clk 01:27:51]} {[%emt 00:00:46]} Qc7 {[%clk 01:18:17]}
{[%emt 00:03:32]} 13. Re1 {[%clk 01:27:44]} {[%emt 00:00:37]} Nd7 {[%clk
01:15:37]} {[%emt 00:03:11]} 14. Rc1 {[%clk 01:25:52]} {[%emt 00:02:21]} Nf6
{[%clk 01:09:48]} {[%emt 00:06:20]} 15. c4 {[%clk 01:25:24]} {[%emt 00:00:58]}
Nd7 {[%clk 01:05:33]} {[%emt 00:50:40]} 16. Qc2 {[%clk 01:19:22]} a5 {[%clk
01:00:33]} 17. cxd5 {[%clk 01:19:23]} exd5 {[%clk 00:59:21]} 18. Nxc6 {[%clk
01:19:40]} Bxc6 {[%clk 00:57:32]} 19. Qxc6 {[%clk 01:20:00]} Rac8 {[%clk
00:57:21]} 20. Qxd5 {[%clk 01:17:05]} Qb8 {[%clk 00:56:19]} 21. Rxc8 {[%clk
01:17:11]} Rxc8 {[%clk 00:56:37]} 22. Ne5 {[%clk 01:15:52]} Nxe5 {[%clk
00:52:58]} 23. dxe5 {[%clk 01:16:06]} Bc5 {[%clk 00:51:38]} 24. Qe4 {[%clk
01:11:41]} Re8 {[%clk 00:50:34]} 25. Qh7 {[%clk 01:07:50]} Kf8 {[%clk
00:50:39]} 26. Qh8 {[%clk 01:07:40]} Ke7 {[%clk 00:50:57]} 27. Qxg7 {[%clk
01:07:48]} b5 {[%clk 00:50:21]} 28. Qf6 {[%clk 01:07:57]} Kf8 {[%clk 00:50:14]}
29. Qxh6 {[%clk 01:05:56]} {[%emt 00:02:21]} Ke7 {[%clk 00:50:24]} {[%emt
00:00:21]} 30. e6 {[%clk 01:03:44]} {[%emt 00:02:41]} Kd8 {[%clk 00:46:49]}
{[%emt 00:04:05]} 31. Qg5 {[%clk 01:03:25]} {[%emt 00:00:47]} Be7 {[%clk
00:46:49]} {[%emt 00:00:32]} 32. Qd5 {[%clk 01:02:52]} {[%emt 00:01:03]} Bd6
{[%clk 00:46:16]} {[%emt 00:01:03]} 33. Bf6 {[%clk 01:02:59]} {[%emt 00:00:24]}
Kc8 {[%clk 00:45:59]} {[%emt 00:00:46]} 34. Qc6 {[%clk 01:00:35]} {[%emt
00:02:54]} Qc7 {[%clk 00:46:06]} {[%emt 00:00:22]} 35. Qxe8 {[%clk 01:00:48]}
{[%emt 00:00:17]} Kb7 {[%clk 00:46:08]} {[%emt 00:00:27]} 36. Qxb5 {[%clk
01:01:04]} {[%emt 00:00:15]} Kc8 {[%clk 00:46:14]} {[%emt 00:00:23]} 37. Qc4
{[%clk 00:57:35]} {[%emt 00:04:00]} Qxc4 {[%clk 00:45:29]} {[%emt 00:01:14]}
38. Bxc4 {[%clk 00:57:52]} {[%emt 00:00:13]} fxe6 {[%clk 00:45:48]} {[%emt
00:00:11]} 39. Bxe6 {[%clk 00:58:09]} {[%emt 00:00:13]} Kb8 {[%clk 00:45:48]}
{[%emt 00:00:30]} 40. Be5 {[%clk 00:58:27]} {[%emt 00:00:13]} Bxe5 {[%clk
00:45:44]} {[%emt 00:00:33]} 41. Rxe5 {[%clk 00:58:46]} {[%emt 00:00:11]} Kb7
{[%clk 00:45:42]} {[%emt 00:00:32]} 42. h4 {[%clk 00:58:54]} {[%emt 00:00:23]}
Kb6 {[%clk 00:45:50]} {[%emt 00:00:21]} 43. h5 {[%clk 00:59:11]} {[%emt
00:00:13]} Kc7 {[%clk 00:45:19]} {[%emt 00:01:01]} 44. Bc4 {[%clk 00:59:24]}
{[%emt 00:00:17]} Kd6 {[%clk 00:45:26]} {[%emt 00:00:23]} 45. Re1 {[%clk
00:59:42]} {[%emt 00:00:11]} Kc5 {[%clk 00:45:45]} {[%emt 00:00:11]} 46. h6
{[%clk 01:00:01]} {[%emt 00:00:10]} Kc6 {[%clk 00:45:30]} {[%emt 00:00:46]} 47.
h7 {[%clk 01:00:19]} {[%emt 00:00:12]} Kc5 {[%clk 00:45:45]} {[%emt 00:00:15]}
48. h8=Q {[%emt 00:00:13]} Kc6 {[%clk 00:46:02]} {[%emt 00:00:10]} 49. Qc8
{[%clk 01:00:56]} {[%emt 00:00:12]} Kb6 {[%clk 00:46:16]} {[%emt 00:00:17]} 50.
Re6 {[%clk 01:01:12]} {[%emt 00:00:15]} Ka7 {[%clk 00:46:27]} {[%emt 00:00:18]}
51. Qc7 {[%clk 01:01:24]} {[%emt 00:00:18]} Ka8 {[%clk 00:46:31]} {[%emt
00:00:26]} 52. Re8# {[%clk 01:01:18]} {[%emt 00:00:06]} 1-0

[Event "DVM U12 2022"]
[Site "München GER"]
[Date "2022.12.28"]
[Round "4"]
[White "Wenzel, Jonathan"]
[Black "Berbig, Georg"]
[Result "0-1"]
[Termination "normal"]
[Board "5.4"]
[WhiteElo "1031"]
[BlackElo "1118"]
[WhiteClock "00:47:00"]
[BlackClock "00:30:57"]
[WhiteTeam "SC Untergrombach 46"]
[BlackTeam "SSV Vimaria 91 Weimar"]
[PlyCount "144"]
[WhiteFideId "34640568"]
[BlackFideId "34640401"]
[EventCountry "GER"]
[EventRounds "7"]
[EventType "team-swiss"]
[EventDate "2022.12.26"]

1. e4 {[%emt 00:00:13]} d5 {[%emt 00:00:11]} 2. exd5 {[%clk 01:30:25]} {[%emt
00:00:12]} Qxd5 {[%clk 01:30:48]} {[%emt 00:00:12]} 3. Nc3 {[%clk 01:29:55]}
{[%emt 00:00:54]} Qa5 {[%clk 01:31:12]} {[%emt 00:00:11]} 4. d4 {[%clk
01:29:45]} {[%emt 00:00:36]} Nf6 {[%clk 01:31:22]} {[%emt 00:00:24]} 5. Nf3
{[%clk 01:28:21]} {[%emt 00:01:50]} Bf5 {[%clk 01:31:07]} {[%emt 00:00:50]} 6.
Bc4 {[%clk 01:27:17]} {[%emt 00:01:25]} e6 {[%clk 01:30:11]} {[%emt 00:01:34]}
7. Bd2 {[%clk 01:25:22]} {[%emt 00:02:17]} c6 {[%clk 01:29:51]} {[%emt
00:00:58]} 8. Nd5 {[%clk 01:24:14]} {[%emt 00:01:29]} Qd8 {[%clk 01:30:12]}
{[%emt 00:00:18]} 9. Nxf6 {[%clk 01:24:17]} {[%emt 00:00:26]} Qxf6 {[%clk
01:30:19]} {[%emt 00:00:24]} 10. c3 {[%clk 01:22:43]} {[%emt 00:01:57]} Bd6
{[%clk 01:29:29]} {[%emt 00:01:27]} 11. O-O {[%clk 01:18:42]} {[%emt 00:04:24]}
Nd7 {[%clk 01:27:33]} {[%emt 00:02:33]} 12. Qc1 {[%clk 01:17:02]} {[%emt
00:02:01]} h6 {[%clk 01:25:24]} {[%emt 00:02:48]} 13. Bf4 {[%clk 01:14:33]}
{[%emt 00:02:49]} Bxf4 {[%clk 01:24:44]} {[%emt 00:01:19]} 14. Qxf4 {[%clk
01:14:48]} {[%emt 00:00:15]} Rc8 {[%clk 01:14:57]} {[%emt 00:57:02]} 15. Rfe1
{[%clk 01:07:46]} O-O {[%clk 01:13:10]} 16. Nh4 {[%clk 01:06:23]} g5 {[%clk
01:12:31]} 17. Qg3 {[%clk 01:06:29]} Nb6 {[%clk 00:50:20]} 18. Be2 {[%clk
01:00:13]} Nd5 {[%clk 00:41:46]} {[%emt 00:05:03]} 19. Nxf5 {[%clk 00:59:52]}
{[%emt 00:00:41]} Qxf5 {[%clk 00:42:06]} {[%emt 00:00:20]} 20. c4 {[%clk
00:58:17]} {[%emt 00:02:00]} Nf4 {[%clk 00:41:57]} {[%emt 00:00:43]} 21. Bg4
{[%clk 00:57:27]} {[%emt 00:01:08]} Qg6 {[%clk 00:40:25]} {[%emt 00:02:14]} 22.
Re5 {[%clk 00:55:30]} {[%emt 00:01:48]} Qd3 {[%clk 00:32:39]} {[%emt 00:08:55]}
23. Qxd3 {[%clk 00:54:02]} {[%emt 00:01:52]} Nxd3 {[%clk 00:33:07]} {[%emt
00:00:09]} 24. Re2 {[%clk 00:53:15]} {[%emt 00:01:12]} f5 {[%clk 00:32:16]}
{[%emt 00:01:26]} 25. Rd1 {[%clk 00:50:19]} {[%emt 00:03:21]} Nf4 {[%clk
00:32:20]} {[%emt 00:00:30]} 26. Re5 {[%clk 00:49:46]} {[%emt 00:00:57]} fxg4
{[%clk 00:32:25]} {[%emt 00:00:30]} 27. g3 {[%clk 00:48:30]} {[%emt 00:01:43]}
Nh5 {[%emt 00:02:28]} 28. Rxe6 {[%emt 00:00:02]} Kg7 {[%clk 00:29:41]} {[%emt
00:00:48]} 29. Re4 {[%clk 00:47:18]} {[%emt 00:01:36]} Nf6 {[%clk 00:29:44]}
{[%emt 00:00:34]} 30. Re7 {[%clk 00:46:55]} {[%emt 00:00:48]} Rf7 {[%clk
00:30:05]} {[%emt 00:00:14]} 31. Rde1 {[%clk 00:45:34]} {[%emt 00:01:46]} Rd8
{[%clk 00:29:56]} {[%emt 00:00:44]} 32. Rxf7 {[%clk 00:45:32]} {[%emt
00:00:31]} Kxf7 {[%clk 00:30:16]} {[%emt 00:00:10]} 33. Rd1 {[%clk 00:45:55]}
{[%emt 00:00:04]} c5 {[%clk 00:30:32]} {[%emt 00:00:18]} 34. d5 {[%clk
00:46:04]} {[%emt 00:00:16]} a6 {[%clk 00:29:06]} {[%emt 00:02:01]} 35. a3
{[%clk 00:45:51]} {[%emt 00:00:39]} b5 {[%clk 00:29:12]} {[%emt 00:00:27]} 36.
cxb5 {[%clk 00:45:59]} {[%emt 00:00:22]} axb5 {[%clk 00:29:34]} {[%emt
00:00:08]} 37. Kf1 {[%clk 00:45:19]} {[%emt 00:01:04]} Rxd5 {[%clk 00:29:44]}
{[%emt 00:00:25]} 38. Rxd5 {[%clk 00:45:31]} {[%emt 00:00:19]} Nxd5 {[%clk
00:30:07]} {[%emt 00:00:07]} 39. Ke2 {[%clk 00:45:43]} {[%emt 00:00:07]} Ke6
{[%clk 00:30:27]} {[%emt 00:00:20]} 40. Kd3 {[%clk 00:45:56]} {[%emt 00:00:12]}
Ke5 {[%clk 00:30:52]} {[%emt 00:00:10]} 41. b3 {[%clk 00:45:53]} {[%emt
00:00:29]} Nb6 {[%clk 00:30:37]} {[%emt 00:00:49]} 42. Kc3 {[%clk 00:45:53]}
{[%emt 00:00:26]} Nd5 {[%clk 00:30:30]} {[%emt 00:00:42]} 43. Kd3 {[%clk
00:45:56]} {[%emt 00:00:20]} b4 {[%clk 00:30:51]} {[%emt 00:00:16]} 44. axb4
{[%clk 00:46:12]} {[%emt 00:00:13]} cxb4 {[%clk 00:31:01]} {[%emt 00:00:21]}
45. Kc4 {[%clk 00:46:36]} {[%emt 00:00:06]} Kd6 {[%clk 00:28:18]} {[%emt
00:03:13]} 46. Kd4 {[%clk 00:45:35]} {[%emt 00:01:26]} Nc3 {[%clk 00:27:46]}
{[%emt 00:01:07]} 47. Ke3 {[%clk 00:45:45]} {[%emt 00:00:20]} Ke5 {[%clk
00:27:40]} {[%emt 00:00:36]} 48. f3 {[%clk 00:46:00]} {[%emt 00:00:11]} Nd5
{[%clk 00:27:06]} {[%emt 00:01:07]} 49. Kf2 {[%clk 00:46:15]} {[%emt 00:00:12]}
Kf5 {[%clk 00:27:05]} {[%emt 00:00:35]} 50. fxg4 {[%clk 00:46:26]} {[%emt
00:00:17]} Kxg4 {[%clk 00:27:28]} {[%emt 00:00:08]} 51. Kg2 {[%clk 00:46:45]}
{[%emt 00:00:06]} Nc3 {[%clk 00:26:11]} {[%emt 00:01:52]} 52. h3 {[%clk
00:47:04]} {[%emt 00:00:12]} Kf5 {[%clk 00:26:36]} {[%emt 00:00:05]} 53. Kf3
{[%clk 00:46:35]} {[%emt 00:00:53]} Na2 {[%clk 00:26:40]} {[%emt 00:00:32]} 54.
g4 {[%clk 00:46:32]} {[%emt 00:00:32]} Kf6 {[%clk 00:27:00]} {[%emt 00:00:11]}
55. Ke3 {[%clk 00:46:45]} {[%emt 00:00:12]} Ke5 {[%clk 00:27:14]} {[%emt
00:00:21]} 56. Kd3 {[%clk 00:46:43]} {[%emt 00:00:25]} Kf4 {[%clk 00:27:35]}
{[%emt 00:00:16]} 57. Kc2 {[%clk 00:47:02]} {[%emt 00:00:11]} Kg3 {[%clk
00:27:53]} {[%emt 00:00:12]} 58. Kb2 {[%clk 00:47:26]} {[%emt 00:00:05]} Nc3
{[%clk 00:27:59]} {[%emt 00:00:25]} 59. Kc2 {[%emt 00:00:07]} Kxh3 {[%emt
00:00:18]} 60. Kd3 {[%clk 00:46:21]} {[%emt 00:01:04]} Kxg4 {[%clk 00:28:19]}
{[%emt 00:00:16]} 61. Kc4 {[%clk 00:46:46]} {[%emt 00:00:05]} Na2 {[%clk
00:28:43]} {[%emt 00:00:07]} 62. Kd3 {[%clk 00:47:04]} {[%emt 00:00:07]} h5
{[%clk 00:29:07]} {[%emt 00:00:10]} 63. Ke2 {[%clk 00:47:22]} {[%emt 00:00:08]}
Nc1 {[%clk 00:29:30]} {[%emt 00:00:12]} 64. Kf2 {[%emt 00:00:18]} Nxb3 {[%emt
00:00:08]} 65. Kg2 {[%clk 00:47:06]} {[%emt 00:00:16]} Nd4 {[%clk 00:29:53]}
{[%emt 00:00:11]} 66. Kh2 {[%emt 00:00:16]} b3 {[%emt 00:00:12]} 67. Kg2 {[%clk
00:46:59]} {[%emt 00:00:09]} b2 {[%clk 00:30:16]} {[%emt 00:00:08]} 68. Kh2
{[%clk 00:47:43]} {[%emt 00:00:15]} b1=Q {[%emt 00:00:29]} 69. Kg2 {[%emt
00:00:03]} Qe4 {[%clk 00:30:32]} {[%emt 00:00:13]} 70. Kh2 {[%emt 00:00:15]}
Qf3 {[%emt 00:00:33]} 71. Kg1 {[%clk 00:46:59]} {[%emt 00:00:22]} Ne2 {[%clk
00:30:57]} {[%emt 00:00:08]} 72. Kh2 {[%clk 00:47:00]} {[%emt 00:00:21]} Qg3
0-1